MARC

LEADER 00000nam0a2200000 4500
001 336627
005 20231102004855.0
020 |a RU  |b 84-6718ж 
035 |a (RuTPU)RU\TPU\book\363056 
035 |a RU\TPU\book\319066 
090 |a 336627 
100 |a 20171019d1979 k y0rusy5003 ca 
101 0 |a rus 
102 |a RU 
105 |a a z 001zy 
200 1 |a Магматизм и гидротермальные системы Мутновского блока Южной Камчатки  |f В. Н. Шарапов [и др.]  |g Академия наук СССР (АН СССР), Сибирское отделение (СО), Институт геологии и геофизики (ИГиГ) 
210 |a Новосибирск  |c Наука  |d 1979 
215 |a 151 с.  |c ил. 
225 1 |a Труды института геологии и геофизики (ИГиГ) СО АН СССР  |f АН СССР, Сибирское отделение  |a Вып. 421 
320 |a Библиогр. в конце ст. 
606 1 |a Магматизм  |2 stltpush  |3 (RuTPU)RU\TPU\subj\40702  |9 60544 
606 1 |a Рудные месторождения, гидротермальные  |2 stltpush  |3 (RuTPU)RU\TPU\subj\25981  |9 50009 
610 1 |a Камчатка 
610 1 |a гидротермальные системы 
610 1 |a динамика 
610 1 |a тепловая эволюция 
610 1 |a выщелачивание 
610 1 |a фильтрация 
610 1 |a рудоотложение 
610 1 |a геохимические барьеры 
610 1 |a тепломассообмен 
610 1 |a парообразование 
675 |a 552.11  |v 3 
675 |a 552.3/.4.06  |v 3 
701 1 |a Шарапов  |b В. Н. 
701 1 |a Симбирева  |b И. Г. 
701 1 |a Третьяков  |b Г. А. 
701 1 |a Милова  |b Л. В. 
712 0 2 |a Академия наук СССР (АН СССР)  |b Сибирское отделение (СО)  |b Институт геологии и геофизики (ИГиГ)  |c (Новосибирск)  |2 stltpush  |3 (RuTPU)RU\TPU\col\128 
801 0 |a RU  |b 63413507  |c 19950704  |g psbo 
801 1 |a RU  |b 63413507  |c 20150508 
801 2 |a RU  |b 63413507  |c 20220315  |g RCR 
942 |c BK